| 000 | 00528nam a2200193 u 4500 | ||
|---|---|---|---|
| 005 | 20210223130913.0 | ||
| 008 | 081216s2003 mx r 000 0 spa d | ||
| 020 | _a9681911741 | ||
| 035 | _aUPN01000168497 | ||
| 049 | _aCG | ||
| 050 | 4 |
_aTA149 _bJ5.3 |
|
| 100 | 1 | _aJiménez Espriú, Javier | |
| 245 | 1 | 0 |
_aCartas a un joven ingeniero / _cJavier Jiménez Espriú. |
| 260 |
_aMéxico : _bAlfaguara, _c2003. |
||
| 300 | _a214 p. | ||
| 440 | 0 | _aCircular | |
| 650 | 4 |
_aINGENIERIA - _vLITERATURA JUVENIL _912863 |
|
| 905 | _aLibro | ||
| 999 |
_c140604 _d140604 |
||